| 000 | 06011cam a22013214i 4500 | ||
|---|---|---|---|
| 003 | PE-LiUPU | ||
| 005 | 20250813185606.0 | ||
| 008 | 150706s r 000 0 d | ||
| 020 | _a9972607054 | ||
| 035 | _a(Sirsi) i9789972607059 | ||
| 035 | _a(Sirsi) i9789972607059 | ||
| 040 |
_aPE-LiUPU _bspa _cPE-LiUPU _erda |
||
| 049 | _aPRUA | ||
| 082 | 0 | 4 |
_a378.199 _bV38 _221 |
| 082 | 0 | 4 |
_a378.199 _bV39 _221 |
| 100 | 1 |
_aVelázquez Fernández, Angel, _eautor. |
|
| 245 | 1 | 0 |
_aGestión Curricular y Educación Universitaria / _cAngel Velázquez Fernández y Nérida Rey Córdova. |
| 250 | _a1ra ed. 2005 | ||
| 264 | 1 |
_aLima : _bUniversidad de San Martín de Porres, Fondo Editorial, _c2005. |
|
| 300 |
_a405 páginas : _bilustraciones ; _c22 cm. |
||
| 336 |
_atext _2rdacontent |
||
| 337 |
_aunmediated _2rdamedia |
||
| 338 |
_avolume _2rdacarrier |
||
| 504 | _aIncluye referencias bibliográficas. | ||
| 505 | 0 | _aDefiniciones conceptuales -- Ciencia y técnica pedagógica -- Definición, estructura y papel del currículo universitario -- Gestión curricular -- Marco teórico-normativo del currículo -- Estructura del marco teórico-normativo -- Marco filosófico-conceptual -- Marco histórico-contextual -- Concepción de la profesión -- Marco normativo -- Principales tendencias actuales del currículo universitario -- Trabajo de aplicación -- Objetivos curriculares, elaboración del perfil del egresado -- Ejercicios -- Definiciones generales -- Características de los objetivos -- Elaboración del perfil del egresado -- Determinación de los objetivos intermedios -- Trabajo de aplicación -- Los contenidos curriculares. Elaboración de los planes y programas de estudio -- Ejercicios -- Definiciones generales -- Elaboración del plan de estudios -- Documentos normativos del plan de estudios -- Elaboración de los programas de las agrupaciones de contenidos -- Trabajo de aplicación -- Las estrategias metodológicas -- Ejercicios -- El proceso de aprendizaje y las estrategias metodológicas -- Funciones del docente en el proceso de enseñanza-aprendizaje -- Trabajo de aplicación -- Definición de los procedimientos de evaluación del aprendizaje -- Ejercicios -- Introducción -- Funciones de evaluación -- Requisitos de evaluación -- Tipos de evaluación según su frecuencia y objetivos -- Construcción de instrumentos de evaluación -- Trabajo de aplicación -- Dirección, organización e implantación del cambio curricular -- Ejercicios -- Definición de la necesidad y decisión del cambio -- Preparación del cambio -- Creación del clima de cambio -- Implantación del cambio -- Evaluación del cambio curricular -- Trabajo de aplicación -- Ejecución curricular -- Ejercicios -- Preparación de la ejecución -- Ejecución de la actividad lectiva -- Supervisión de la ejecución curricular -- Trabajo de aplicación -- Evaluación curricular -- Ejercicios -- Fundamentos teóricos -- Funciones de la evaluación curricular -- Tipos de evaluación educacional. La evaluación curricular -- Particularidades de las instituciones universitarias que influyen en su evaluación -- Modelos de evaluación -- El proceso de evaluación -- Trabajo de aplicación. | |
| 526 | _aP202 | ||
| 526 | _aP201 | ||
| 526 | _aP163 | ||
| 526 | _aP162 | ||
| 526 | _aP161 | ||
| 526 | _aP160 | ||
| 526 | _aP148 | ||
| 526 | _aP147 | ||
| 526 | _aP146 | ||
| 526 | _aP145 | ||
| 526 | _aP144 | ||
| 526 | _aP143 | ||
| 526 | _aP142 | ||
| 526 | _aP141 | ||
| 526 | _aP140 | ||
| 526 | _aP139 | ||
| 526 | _aP138 | ||
| 526 | _aP137 | ||
| 526 | _aP136 | ||
| 526 | _aP135 | ||
| 526 | _aP134 | ||
| 526 | _aP133 | ||
| 526 | _aP129 | ||
| 526 | _aP128 | ||
| 526 | _aP127 | ||
| 526 | _aP120 | ||
| 526 | _aP119 | ||
| 526 | _aP118 | ||
| 526 | _aP116 | ||
| 526 | _aP115 | ||
| 526 | _aP114 | ||
| 526 | _aP110 | ||
| 526 | _aP109 | ||
| 526 | _aP108 | ||
| 526 | _aP104 | ||
| 526 | _aP103 | ||
| 526 | _aP102 | ||
| 526 | _aP99 | ||
| 526 | _aP98 | ||
| 526 | _aP97 | ||
| 526 | _aP96 | ||
| 526 | _aP95 | ||
| 526 | _aP93 | ||
| 526 | _aP90 | ||
| 526 | _aP89 | ||
| 526 | _aP88 | ||
| 526 | _aP83 | ||
| 526 | _aP82 | ||
| 526 | _aP62 | ||
| 526 | _aP59 | ||
| 526 | _aP58 | ||
| 526 | _aP57 | ||
| 526 | _aP51 | ||
| 526 | _aP49 | ||
| 526 | _aP48 | ||
| 526 | _aP47 | ||
| 526 | _aP29 | ||
| 526 | _aP24 | ||
| 526 | _aP20 | ||
| 526 | _aP19 | ||
| 526 | _aP17 | ||
| 526 | _aP15 | ||
| 526 | _aP14 | ||
| 526 | _aP12 | ||
| 526 | _aP10 | ||
| 526 | _aP09 | ||
| 526 | _aP08 | ||
| 526 | _aP07 | ||
| 526 | _aP06 | ||
| 526 | _aP05 | ||
| 526 | _aP04 | ||
| 526 | _aP01 | ||
| 541 | _g015-0012928; | ||
| 541 | _g001-00003175; | ||
| 650 | 0 | 4 |
_aEducación superior _zPerú _vCurrículo. |
| 650 | 0 | 4 |
_aPlanificación curricular _zPerú. |
| 650 | 0 | 4 |
_aEducación superior _xMetodología. |
| 700 | 1 |
_aRey Córdova, Nérida, _eautor. |
|
| 910 |
_agl _bjck _d20110622 |
||
| 910 |
_btqv _caic _d20170113 |
||
| 942 |
_2ddc _cBOOK |
||
| 949 |
_aPGE 378.199 V38 _wDEWEY _c1 _i63118 _lPOSTGRADO _mBUL _p25.00 _r0 _sY _tBOOK _u2015-7-6 _xPOSGRADO _PP57 _o.CIRCNOTE. No olvidar cambiar la fecha de devolución!!!!!!! _o.STAFF. Colección General |
||
| 949 |
_a378.199 V39 _wDEWEY _c1 _iFJ05331 _lCCODEBUJ1 _mBUJ _p19.00 _r0 _sY _tBOOK _u2017-01-13 _xBIBLIOTECA _zUNKNOWN _0COMPRA _o.STAFF. Colección General Juliaca |
||
| 994 |
_aC0 _bPEPRU |
||
| 596 | _a1 3 | ||
| 999 |
_aPGE 378.199 V38 _wDEWEY _c52132 _i63118 _d52132 _e2016-12-1 _f2021-11-8 _g5 _lCCODEBUL1 _mBUL _n2 _p25.00 _q1 _r0 _sN _tBOOK _u2015-7-6 _xEDUCACION _PP57 _0COMPRA _o.CIRCNOTE. No olvidar cambiar la fecha de devolución!!!!!!! _o.STAFF. Colección General |
||
| 999 |
_a378.199 V39 _wDEWEY _c1 _iFJ05331 _f2022-1-18 _g2 _lCCODEBUJ1 _mBUJ _r0 _sY _tBOOK _u2017-1-13 _xBIBLIOTECA _zUNKNOWN _0COMPRA _o.STAFF. Colección General Juliaca |
||
| 980 |
_81 _gALBERTO SANCHEZ Responsable de Automatización |
||